00689nam a2200181 a 4500003000200000005001700002008004100019050002900060100002400089245008700113260009500200300004600295504004100341650003300382650002800415650002400443650004000467020250313125547.0080723s19uu xx 00 eng d aPGS BF 723.R6b.K14 2008 aKalingasan, Jazz J. aChoice of role models and leadership style of SISC students /cJazz J. Kalingasan. aLas Piñas City, Philippines : bSouthville International School and Colleges, c2008. a40 pages : billustrations ; c28 cm.  aIncludes bibliographical references. aRole models in adolescence.  aLeadership in children. aStudent leadership. aLeadershipv Psychological aspects.